[Event "DEN-chT 2324 61st"]
[Site "Denmark"]
[Date "2023.11.26"]
[Round "3.5"]
[White "Andersen, Jackie"]
[Black "Prien, Thore"]
[Result "1-0"]
[WhiteElo "2394"]
[BlackElo "2228"]
[PlyCount "51"]
[EventDate "2023.10.28"]
[EventType "team-tourn"]
[EventRounds "9"]
[EventCountry "DEN"]
[SourceTitle "CB11_2024"]
[SourceDate "2024.03.13"]
[SourceVersion "1"]
[SourceVersionDate "2024.03.13"]
[SourceQuality "1"]
[WhiteTeam "Skanderborg Nordea"]
[BlackTeam "Fredericia"]
[WhiteTeamCountry "DEN"]
[BlackTeamCountry "DEN"]

1. d4 e6 2. Nf3 f5 3. Bf4 Nf6 4. e3 b6 5. h3 Bb7 6. Nbd2 Be7 7. g4 0-0 8. gxf5 Nd5 9. Bh2 Bh4 10. Qe2 Nb4 11. 0-0-0 Nxa2+ 12. Kb1 Nb4 13. Rg1 Bf6 14. e4 exf5 15. Qc4+ Kh8 16. Qxb4 fxe4 17. Bxc7 Nc6 18. Qd6 Qe8 19. Re1 Be7 20. Qg3 Qf7 21. Bc4 Qg6 22. Qxg6 hxg6 23. Rxe4 Rac8 24. Ng5 Bxg5 25. Rxg5 Rxc7 26. Rh4# 1-0

[Event "DEN-chT 2122 59th"]
[Site "Denmark"]
[Date "2022.03.19"]
[Round "8.3"]
[White "David, Alberto"]
[Black "Andersen, Jackie"]
[Result "1-0"]
[WhiteElo "2529"]
[BlackElo "2398"]
[PlyCount "85"]
[EventDate "2021.10.30"]
[EventType "team-tourn"]
[EventRounds "9"]
[EventCountry "DEN"]
[SourceTitle "EXT 2023"]
[Source "ChessBase"]
[SourceDate "2022.10.05"]
[SourceVersion "1"]
[SourceVersionDate "2022.10.05"]
[SourceQuality "1"]
[WhiteTeam "Koge Xtracon"]
[BlackTeam "Skanderborg Nordea"]
[WhiteTeamCountry "DEN"]
[BlackTeamCountry "DEN"]

1. e4 g6 2. d4 Bg7 3. Nf3 d6 4. c3 Nd7 5. Bc4 e6 6. 0-0 Ne7 7. Re1 0-0 8. Bb3 b6 9. Nbd2 Bb7 10. Nf1 c5 11. Ng3 Rc8 12. Qe2 Qc7 13. Bg5 Rfe8 14. Qd2 c4 15. Ba4 a6 16. Rad1 b5 17. Bc2 Rcd8 18. Bh6 Bh8 19. Qg5 e5 20. Qh4 f6 21. b3 Bc8 22. bxc4 bxc4 23. Nd2 Nb6 24. Be3 Be6 25. f4 exd4 26. Bxd4 Nd7 27. Nf3 Nc6 28. Bf2 Bg7 29. Nf1 Bf7 30. Ne3 Ne7 31. Ng4 h5 32. Ne3 Nc5 33. g4 d5 34. e5 Ne4 35. Bxe4 dxe4 36. Rxd8 Qxd8 37. exf6 exf3 38. fxg7 Nc6 39. Qg3 hxg4 40. Rd1 Qf6 41. Nxg4 Qxc3 42. Qh4 Kxg7 43. Bd4+ 1-0

[Event "DEN-chT 2122 59th"]
[Site "Denmark"]
[Date "2022.02.27"]
[Round "7.5"]
[White "Rathlev, Jakob"]
[Black "Andersen, Jackie"]
[Result "0-1"]
[WhiteElo "2201"]
[BlackElo "2398"]
[PlyCount "82"]
[EventDate "2021.10.30"]
[EventType "team-tourn"]
[EventRounds "9"]
[EventCountry "DEN"]
[SourceTitle "EXT 2023"]
[Source "ChessBase"]
[SourceDate "2022.10.05"]
[SourceVersion "1"]
[SourceVersionDate "2022.10.05"]
[SourceQuality "1"]
[WhiteTeam "Jetsmark"]
[BlackTeam "Skanderborg Nordea"]
[WhiteTeamCountry "DEN"]
[BlackTeamCountry "DEN"]

1. Nf3 g6 2. d4 Bg7 3. c4 d6 4. Nc3 Nd7 5. e3 Ngf6 6. Be2 0-0 7. 0-0 e5 8. Qc2 Re8 9. Rd1 c6 10. b4 exd4 11. exd4 Nf8 12. h3 Bf5 13. Bd3 Bxd3 14. Qxd3 d5 15. c5 Ne4 16. Re1 a5 17. bxa5 f5 18. Bf4 Qxa5 19. Ne2 Ne6 20. Be5 N6xc5 21. Qe3 Ne6 22. Bxg7 Kxg7 23. Nf4 Qc7 24. Nd3 b6 25. g4 Rf8 26. Rec1 c5 27. dxc5 bxc5 28. Nd4 N6g5 29. Nxc5 Qe5 30. Nc6 Qb2 31. Qd4+ Qxd4 32. Nxd4 Nxh3+ 33. Kh2 Nhxf2 34. Nce6+ Kf6 35. gxf5 Rfc8 36. Nc7 Rab8 37. Nxd5+ Ke5 38. Nc6+ Rxc6 39. Rxc6 Kxd5 40. Rc7 gxf5 41. Rc2 Ng4+ 0-1

[Event "DEN-chT 2122 59th"]
[Site "Denmark"]
[Date "2022.01.30"]
[Round "6.3"]
[White "Andersen, Jackie"]
[Black "Vinter Schou, Uffe"]
[Result "1-0"]
[WhiteElo "2398"]
[BlackElo "2297"]
[PlyCount "57"]
[EventDate "2021.10.30"]
[EventType "team-tourn"]
[EventRounds "9"]
[EventCountry "DEN"]
[SourceTitle "EXT 2024"]
[Source "ChessBase"]
[SourceDate "2023.10.10"]
[SourceVersion "1"]
[SourceVersionDate "2023.10.10"]
[SourceQuality "1"]
[WhiteTeam "Skanderborg Nordea"]
[BlackTeam "Aarhus/Skolerne"]
[WhiteTeamCountry "DEN"]
[BlackTeamCountry "DEN"]

1. c4 e5 2. Nc3 Nf6 3. e3 Nc6 4. g4 h6 5. Bg2 Bb4 6. Nd5 Nxd5 7. cxd5 Ne7 8. a3 Bd6 9. d4 Ng6 10. dxe5 Nxe5 11. h4 Qe7 12. h5 b6 13. f4 Nc4 14. Qd3 b5 15. Ne2 Rb8 16. 0-0 0-0 17. Nd4 Qh4 18. b3 Nb6 19. Nf5 Qxg4 20. Rf3 Qxh5 21. Rh3 Qg6 22. Bb2 Nc4 23. Bxg7 Nxe3 24. Rxe3 Bc5 25. Bd4 Bxd4 26. Qxd4 Kh7 27. Rg3 Qb6 28. Rc1 Re8 29. Rc5 1-0

[Event "DEN-chT 1920 58th"]
[Site "Denmark"]
[Date "2020.09.05"]
[Round "8.4"]
[White "Hansen, Soren Bech"]
[Black "Andersen, Jackie"]
[Result "1/2-1/2"]
[WhiteElo "2221"]
[BlackElo "2399"]
[PlyCount "32"]
[EventDate "2019.11.23"]
[EventType "team-tourn"]
[EventRounds "9"]
[EventCountry "DEN"]
[SourceTitle "EXT 2021"]
[Source "ChessBase"]
[SourceDate "2020.10.23"]
[SourceVersion "1"]
[SourceVersionDate "2020.10.23"]
[SourceQuality "1"]
[WhiteTeam "Obro"]
[BlackTeam "Skanderborg Nordea"]
[WhiteTeamCountry "DEN"]
[BlackTeamCountry "DEN"]

1. e4 g6 2. d4 Nf6 3. Bd3 d6 4. Nf3 Bg7 5. 0-0 0-0 6. c3 Nc6 7. Re1 e5 8. h3 Re8 9. Na3 a6 10. Nc2 h6 11. a4 Bd7 12. d5 Ne7 13. a5 Nexd5 14. exd5 e4 15. Be2 exf3 16. Bxf3 Bf5 1/2-1/2

[Event "DEN-ch blitz Gp1"]
[Site "Svendborg"]
[Date "2019.04.19"]
[Round "3"]
[White "Andersen, Jackie"]
[Black "Hansen, Soren Bech"]
[Result "0-1"]
[WhiteElo "2365"]
[BlackElo "2243"]
[PlyCount "118"]
[EventDate "2019.04.19"]
[EventType "tourn (blitz)"]
[EventRounds "7"]
[EventCountry "DEN"]
[SourceTitle "EXT 2020"]
[Source "ChessBase"]
[SourceDate "2019.10.17"]
[SourceVersion "1"]
[SourceVersionDate "2019.10.17"]
[SourceQuality "1"]

1. d4 f5 2. Nc3 Nf6 3. Bg5 d5 4. Bxf6 exf6 5. e3 c6 6. Bd3 Na6 7. a3 Nc7 8. Qf3 g6 9. h3 Ne6 10. g4 Ng5 11. Qg2 Ne4 12. Nge2 Qe7 13. 0-0-0 Bd7 14. gxf5 Bxf5 15. Nxe4 Bxe4 16. Bxe4 Qxe4 17. Qxe4+ dxe4 18. h4 Bd6 19. Rdg1 Kf7 20. c4 h5 21. Kc2 f5 22. Rg2 Rad8 23. c5 Bc7 24. b4 Rhf8 25. Rhg1 Rg8 26. Kc3 Kf6 27. a4 Rg7 28. Kc4 Rgg8 29. Nc3 Rd7 30. d5 Be5 31. d6 Kf7 32. Ne2 Rdd8 33. Nd4 Bxd4 34. Kxd4 Kf6 35. Kc4 Rd7 36. Rd1 g5 37. Rdg1 g4 38. Rd1 Ke6 39. b5 Rdg7 40. bxc6 bxc6 41. Rb1 g3 42. fxg3 Rxg3 43. Re2 R3g7 44. a5 Ke5 45. a6 f4 46. exf4+ Kxf4 47. Rf1+ Ke5 48. Rfe1 Rg4 49. Re3 Rxh4 50. Rf1 Rhg4 51. Rf7 R4g7 52. Rb7 h4 53. d7 Rd8 54. Rh3 Rdxd7 55. Rxd7 Rxd7 56. Rxh4 e3 57. Rh5+ Ke4 58. Rh6 e2 59. Rxc6 Re7 0-1

[Event "DEN-ch blitz final"]
[Site "Svendborg"]
[Date "2019.04.19"]
[Round "2.2"]
[White "Rasmussen, Allan Stig"]
[Black "Andersen, Jackie"]
[Result "1-0"]
[WhiteElo "2436"]
[BlackElo "2365"]
[PlyCount "73"]
[EventDate "2019.04.19"]
[EventType "k.o. (blitz)"]
[EventRounds "2"]
[EventCountry "DEN"]
[SourceTitle "EXT 2020"]
[Source "ChessBase"]
[SourceDate "2019.10.17"]
[SourceVersion "1"]
[SourceVersionDate "2019.10.17"]
[SourceQuality "1"]

1. d4 g6 2. Nf3 Bg7 3. Bf4 d6 4. e3 Nd7 5. Be2 e5 6. Bg3 Ne7 7. h3 0-0 8. 0-0 b6 9. a4 a6 10. c3 Bb7 11. Nbd2 Re8 12. Qb3 Nf5 13. Bh2 e4 14. Ne1 h5 15. Bc4 Qe7 16. Bd5 c6 17. Bxe4 Nh4 18. Nef3 Nf6 19. Bd3 Nxf3+ 20. Nxf3 b5 21. Bxg6 d5 22. Bd3 Rad8 23. axb5 cxb5 24. Ne5 Kh8 25. Bg6 Ne4 26. Bxe4 dxe4 27. Nxf7+ Kh7 28. Nxd8 Rxd8 29. Qc2 Bh6 30. f4 Rg8 31. Qe2 Qg7 32. Kh1 Qg6 33. Rf2 Bd5 34. f5 Qc6 35. Qxh5 Rg5 36. Qh4 Qf6 37. Be5 1-0

[Event "DEN-chT 1718 56th"]
[Site "Denmark"]
[Date "2017.12.03"]
[Round "3.2"]
[White "Sloth, Jorn"]
[Black "Andersen, Jackie"]
[Result "1/2-1/2"]
[WhiteElo "2295"]
[BlackElo "2388"]
[PlyCount "35"]
[EventDate "2017.11.18"]
[EventType "team-tourn"]
[EventRounds "9"]
[EventCountry "DEN"]
[SourceTitle "CBM 181 Extra"]
[Source "ChessBase"]
[SourceDate "2017.12.12"]
[SourceVersion "1"]
[SourceVersionDate "2017.12.12"]
[SourceQuality "1"]
[WhiteTeam "Nordre"]
[BlackTeam "Skanderborg Nordea"]
[WhiteTeamCountry "DEN"]
[BlackTeamCountry "DEN"]

1. Nf3 g6 2. e3 Bg7 3. d4 d6 4. Be2 Nf6 5. c4 0-0 6. Nc3 a6 7. 0-0 c5 8. b3 Nc6 9. Bb2 Rb8 10. Rc1 Bd7 11. Qd2 cxd4 12. exd4 Ng4 13. Nd5 b5 14. Ng5 Nh6 15. Ne3 bxc4 16. d5 Bxb2 17. Qxb2 Ne5 18. Nxc4 1/2-1/2

[Event "DEN-chT 1516 54th"]
[Site "Denmark"]
[Date "2016.03.05"]
[Round "8.1"]
[White "Laursen, Niels Norskov"]
[Black "Andersen, Jackie"]
[Result "0-1"]
[WhiteElo "2316"]
[BlackElo "2343"]
[PlyCount "60"]
[EventDate "2015.10.31"]
[EventType "team-tourn"]
[EventRounds "9"]
[EventCountry "DEN"]
[SourceTitle "EXT 2017"]
[Source "ChessBase"]
[SourceDate "2016.10.25"]
[SourceVersion "1"]
[SourceVersionDate "2016.10.25"]
[SourceQuality "1"]
[WhiteTeam "Bronshoj"]
[BlackTeam "Skanderborg Nordea"]
[WhiteTeamCountry "DEN"]
[BlackTeamCountry "DEN"]

1. e4 c5 2. Nf3 d6 3. d4 Nd7 4. Nc3 Ngf6 5. d5 g6 6. Be2 Bg7 7. 0-0 0-0 8. h3 Ne8 9. Bf4 Ne5 10. a4 h6 11. Nxe5 dxe5 12. Be3 b6 13. Qd2 Kh7 14. a5 Bd7 15. Ra2 f5 16. exf5 gxf5 17. f4 e4 18. Rfa1 Rb8 19. Nb5 Bxb5 20. Bxb5 Nd6 21. Be2 Bf6 22. c3 Rg8 23. axb6 axb6 24. Kh1 Rg3 25. Rg1 Qg8 26. Ra7 Rd8 27. Bf2 e3 28. Bxe3 Ne4 29. Qc1 Qxd5 30. Rd1 Nf2+ 0-1

[Event "DEN-chT 1516 54th"]
[Site "Denmark"]
[Date "2016.02.07"]
[Round "7.6"]
[White "Rathlev, Jakob"]
[Black "Andersen, Jackie"]
[Result "0-1"]
[WhiteElo "2240"]
[BlackElo "2343"]
[PlyCount "112"]
[EventDate "2015.10.31"]
[EventType "team-tourn"]
[EventRounds "9"]
[EventCountry "DEN"]
[SourceTitle "EXT 2018"]
[Source "ChessBase"]
[SourceDate "2017.10.13"]
[SourceVersion "1"]
[SourceVersionDate "2017.10.13"]
[SourceQuality "1"]
[WhiteTeam "Jetsmark"]
[BlackTeam "Skanderborg Nordea"]
[WhiteTeamCountry "DEN"]
[BlackTeamCountry "DEN"]

1. e4 g6 2. d4 Bg7 3. Nc3 d6 4. Be3 Nd7 5. Nf3 Ngf6 6. h3 e5 7. dxe5 dxe5 8. Qd3 c6 9. a4 Qe7 10. Qc4 a5 11. Be2 0-0 12. 0-0 Nh5 13. g3 Re8 14. Rfd1 Bf8 15. Kg2 Nc5 16. Ng5 Ne6 17. Nf3 Nc5 18. Ng5 Ng7 19. Bxc5 Qxg5 20. Be3 Qe7 21. Qb3 Ne6 22. Bc4 Qf6 23. Bxe6 Bxe6 24. Qb6 Qe7 25. Bd2 Qb4 26. Qxb4 axb4 27. Ne2 b3 28. c3 Bc4 29. Kf3 Re6 30. Ng1 Rd6 31. Be3 Rxd1 32. Rxd1 Rxa4 33. Kg2 Ra2 34. Rd8 Kg7 35. Bc1 Ra1 36. Rd1 g5 37. Nf3 Be2 38. Re1 Bxf3+ 39. Kxf3 Bc5 40. Ke2 f6 41. g4 Rb1 42. f3 Kf7 43. Kd3 b5 44. Kd2 Ke6 45. Kd3 Kd7 46. Rd1 Kc7 47. Re1 Kb7 48. Rh1 Ka6 49. Kd2 Ka5 50. Rd1 Ka4 51. Ke2 b4 52. cxb4 Bxb4 53. Kd3 Kb5 54. Ke3 Bc5+ 55. Ke2 Bd4 56. h4 gxh4 0-1

[Event "DEN-chT 1415 53rd"]
[Site "Denmark"]
[Date "2015.01.25"]
[Round "6.7"]
[White "Christensen, Jan"]
[Black "Andersen, Jackie"]
[Result "1/2-1/2"]
[WhiteElo "2208"]
[BlackElo "2356"]
[PlyCount "59"]
[EventDate "2014.10.25"]
[EventType "team-tourn"]
[EventRounds "9"]
[EventCountry "DEN"]
[SourceTitle "EXT 2016"]
[Source "ChessBase"]
[SourceDate "2015.10.08"]
[SourceVersion "1"]
[SourceVersionDate "2015.10.08"]
[SourceQuality "1"]
[WhiteTeam "Nordre"]
[BlackTeam "Skanderborg Nordea"]
[WhiteTeamCountry "DEN"]
[BlackTeamCountry "DEN"]

1. d4 Nf6 2. Nf3 b5 3. e3 a6 4. a4 b4 5. Bd3 e6 6. 0-0 c5 7. e4 c4 8. Bxc4 Nxe4 9. d5 Bc5 10. Qe2 Nd6 11. dxe6 dxe6 12. Qe5 Nd7 13. Qxg7 Qf6 14. Qxf6 Nxf6 15. Bb3 Bb7 16. Be3 Nfe4 17. Nbd2 Rg8 18. Nxe4 Nxe4 19. Rfe1 Rd8 20. a5 Bxe3 21. Rxe3 Ke7 22. Kf1 Nc5 23. g3 Bxf3 24. Rxf3 Rd2 25. Re1 Rgd8 26. Re2 Rd1+ 27. Re1 R1d2 28. Re2 Rd1+ 29. Re1 R1d2 30. Re2 1/2-1/2

[Event "DEN-chT 1415 53rd"]
[Site "Denmark"]
[Date "2014.10.25"]
[Round "1.6"]
[White "Nordenbaek, Jan"]
[Black "Andersen, Jackie"]
[Result "0-1"]
[WhiteElo "2209"]
[BlackElo "2356"]
[PlyCount "48"]
[EventDate "2014.10.25"]
[EventType "team-tourn"]
[EventRounds "9"]
[EventCountry "DEN"]
[SourceTitle "EXT 2016"]
[Source "ChessBase"]
[SourceDate "2015.10.08"]
[SourceVersion "1"]
[SourceVersionDate "2015.10.08"]
[SourceQuality "1"]
[WhiteTeam "Hillerod"]
[BlackTeam "Skanderborg Nordea"]
[WhiteTeamCountry "DEN"]
[BlackTeamCountry "DEN"]

1. e4 g6 2. d4 c6 3. Nc3 d5 4. Nf3 Bg7 5. h3 Nf6 6. e5 Ne4 7. Bd3 Nxc3 8. bxc3 c5 9. a4 Nc6 10. 0-0 c4 11. Be2 a6 12. Ne1 Qa5 13. Bd2 Bd7 14. g4 0-0-0 15. Ng2 h5 16. gxh5 gxh5 17. Bxh5 Bxh3 18. f4 Kb8 19. Bxf7 Bf5 20. Bh5 e6 21. Bg4 Ne7 22. Kf2 Rh2 23. Rg1 Rdh8 24. Ke1 Rxg2 0-1

[Event "DEN-chT 1314 52nd"]
[Site "Denmark"]
[Date "2014.03.08"]
[Round "8.7"]
[White "Jensen, Vagn"]
[Black "Andersen, Jackie"]
[Result "0-1"]
[WhiteElo "2100"]
[BlackElo "2356"]
[PlyCount "118"]
[EventDate "2013.11.02"]
[EventType "team-tourn"]
[EventRounds "9"]
[EventCountry "DEN"]
[SourceTitle "EXT 2015"]
[Source "ChessBase"]
[SourceDate "2014.11.20"]
[SourceVersion "1"]
[SourceVersionDate "2014.11.20"]
[SourceQuality "1"]
[WhiteTeam "Aarhus/Skolerne"]
[BlackTeam "Nordea"]
[WhiteTeamCountry "DEN"]
[BlackTeamCountry "DEN"]

1. e4 g6 2. d4 Bg7 3. Nc3 d6 4. Be3 Nd7 5. Qd2 a6 6. a4 e5 7. Nf3 Ngf6 8. dxe5 dxe5 9. Bc4 0-0 10. 0-0 Qe7 11. Bg5 c6 12. Rfe1 a5 13. Rad1 Qb4 14. Bb3 Nh5 15. Qe3 Re8 16. Rd3 Qf8 17. Red1 Nc5 18. Rd8 Bg4 19. Rxa8 Rxa8 20. Bc4 h6 21. Bh4 Nf4 22. Bg3 Nfe6 23. Bxe6 Nxe6 24. h3 Bxf3 25. Qxf3 Nd4 26. Qd3 Qb4 27. Kh2 h5 28. h4 Bf6 29. f4 Qe7 30. fxe5 Bxe5 31. Bxe5 Qxe5+ 32. Kh1 Ne6 33. Rf1 Rd8 34. Qf3 Rd7 35. g3 Kg7 36. Rf2 Re7 37. b3 Nc5 38. Re2 Nd7 39. Rf2 Nf6 40. Re2 b5 41. axb5 cxb5 42. Rf2 Nxe4 43. Nxe4 Qxe4 44. Qxe4 Rxe4 45. Rd2 Re3 46. Rd5 b4 47. Rxa5 Rxg3 48. Kh2 Rg4 49. Kh3 Kf6 50. Rc5 Re4 51. Rb5 Ke6 52. Kg3 Rg4+ 53. Kh3 f5 54. c4 bxc3 55. Rc5 Rb4 56. Rxc3 Ke5 57. Rc6 Rxb3+ 58. Kh2 Rb4 59. Rxg6 Rxh4+ 0-1

[Event "DEN-chT 1314 52nd"]
[Site "Denmark"]
[Date "2013.11.02"]
[Round "1.7"]
[White "Pedersen, Daniel Vesterbaek"]
[Black "Andersen, Jackie"]
[Result "1/2-1/2"]
[WhiteElo "2245"]
[BlackElo "2356"]
[PlyCount "65"]
[EventDate "2013.11.02"]
[EventType "team-tourn"]
[EventRounds "9"]
[EventCountry "DEN"]
[SourceTitle "EXT 2015"]
[Source "ChessBase"]
[SourceDate "2014.11.20"]
[SourceVersion "1"]
[SourceVersionDate "2014.11.20"]
[SourceQuality "1"]
[WhiteTeam "Nordkalotten"]
[BlackTeam "Nordea"]
[WhiteTeamCountry "DEN"]
[BlackTeamCountry "DEN"]

1. e4 g6 2. d4 Bg7 3. Nc3 d6 4. Be3 Nd7 5. f4 c6 6. Nf3 b5 7. Bd3 Ngf6 8. e5 Nd5 9. Nxd5 cxd5 10. 0-0 a6 11. a4 bxa4 12. Rxa4 Nb6 13. Ra2 a5 14. b3 Bd7 15. c4 dxc4 16. bxc4 0-0 17. Qe2 Qc7 18. Rc1 Rfc8 19. Ra3 Qd8 20. h3 Bc6 21. d5 Be8 22. e6 f5 23. Qa2 Bf6 24. g4 fxg4 25. hxg4 Rab8 26. Rxa5 Ra8 27. Rxa8 Rxa8 28. Qf2 Na4 29. Bd4 Bxd4 30. Qxd4 Nc5 31. Bc2 Ra3 32. Rf1 Qa5 33. f5 1/2-1/2

[Event "DEN-chT 1213"]
[Site "Denmark"]
[Date "2013.01.27"]
[Round "6.7"]
[White "Andersen, Jackie"]
[Black "Jensen, Bjarke"]
[Result "1/2-1/2"]
[WhiteElo "2345"]
[BlackElo "2288"]
[PlyCount "57"]
[EventDate "2012.10.27"]
[EventType "team-tourn"]
[EventRounds "9"]
[EventCountry "DEN"]
[SourceTitle "EXT 2014"]
[Source "ChessBase"]
[SourceDate "2013.11.20"]
[SourceVersion "1"]
[SourceVersionDate "2013.11.20"]
[SourceQuality "1"]
[WhiteTeam "Nordea"]
[BlackTeam "Jetsmark"]
[WhiteTeamCountry "DEN"]
[BlackTeamCountry "DEN"]

1. d4 d5 2. Nf3 Nf6 3. Bf4 c5 4. e3 Nc6 5. Nbd2 Qb6 6. dxc5 Qxc5 7. a3 Qb6 8. b4 Nh5 9. b5 Nxf4 10. bxc6 Ne6 11. cxb7 Bxb7 12. Ne5 a6 13. c4 Nc5 14. cxd5 Bxd5 15. e4 Be6 16. Rb1 Qc7 17. Nd3 Rd8 18. Nxc5 Qxc5 19. Bxa6 Bd7 20. 0-0 e6 21. Nc4 Be7 22. Nb6 Bc6 23. Qe2 Qd4 24. Rfc1 Qxe4 25. f3 Bc5+ 26. Kh1 Qxe2 27. Bxe2 Bxb6 28. Rxb6 Ba8 29. Rc7 1/2-1/2

[Event "DEN-chT 1213"]
[Site "Denmark"]
[Date "2013.01.13"]
[Round "5.5"]
[White "Andersen, Jackie"]
[Black "Pedersen, Finn"]
[Result "1/2-1/2"]
[WhiteElo "2345"]
[BlackElo "2291"]
[PlyCount "69"]
[EventDate "2012.10.27"]
[EventType "team-tourn"]
[EventRounds "9"]
[EventCountry "DEN"]
[SourceTitle "EXT 2014"]
[Source "ChessBase"]
[SourceDate "2013.11.20"]
[SourceVersion "1"]
[SourceVersionDate "2013.11.20"]
[SourceQuality "1"]
[WhiteTeam "Nordea"]
[BlackTeam "Aarhus/Skolerne"]
[WhiteTeamCountry "DEN"]
[BlackTeamCountry "DEN"]

1. g4 d5 2. Bg2 c6 3. h3 h5 4. g5 g6 5. d3 Bg7 6. Nd2 e5 7. Ngf3 Ne7 8. c4 Be6 9. Rb1 0-0 10. Qc2 b5 11. b4 bxc4 12. dxc4 e4 13. Nh4 Nf5 14. Nxf5 Bxf5 15. Qb3 e3 16. Qxe3 Bxb1 17. Nxb1 a5 18. b5 cxb5 19. cxb5 d4 20. Qd2 Ra7 21. 0-0 Re8 22. Na3 Rae7 23. Bf3 Nd7 24. Nc4 Ne5 25. Nxe5 Rxe5 26. a4 Rf5 27. Rd1 Be5 28. Bg2 Qb6 29. Qd3 Bf4 30. Bb2 Rxg5 31. Qxd4 Qxd4 32. Bxd4 Rd8 33. b6 Rc5 34. e3 Rc4 35. b7 1/2-1/2

[Event "DEN-chT 1213"]
[Site "Denmark"]
[Date "2013.01.12"]
[Round "4.7"]
[White "Brorsen, Jacob Abildlund"]
[Black "Andersen, Jackie"]
[Result "0-1"]
[WhiteElo "2129"]
[BlackElo "2345"]
[PlyCount "51"]
[EventDate "2012.10.27"]
[EventType "team-tourn"]
[EventRounds "9"]
[EventCountry "DEN"]
[SourceTitle "EXT 2014"]
[Source "ChessBase"]
[SourceDate "2013.11.20"]
[SourceVersion "1"]
[SourceVersionDate "2013.11.20"]
[SourceQuality "1"]
[WhiteTeam "BMS"]
[BlackTeam "Nordea"]
[WhiteTeamCountry "DEN"]
[BlackTeamCountry "DEN"]

1. d4 g6 2. c4 Bg7 3. Nf3 d6 4. g3 Nd7 5. Bg2 e5 6. dxe5 dxe5 7. Nc3 Ngf6 8. 0-0 0-0 9. Qc2 c6 10. Rd1 Qe7 11. a4 a5 12. b3 Nc5 13. Ng5 Na6 14. Nge4 Nb4 15. Qd2 Bf5 16. Ba3 Rfd8 17. Qe3 Rd4 18. Nxf6+ Qxf6 19. Bxb4 axb4 20. Ne4 Qe7 21. Rd3 Rad8 22. Rad1 c5 23. Qc1 b6 24. Qe3 h6 25. Qf3 Re8 26. Nd6 0-1

[Event "DEN-ch rapid"]
[Site "Middelfart"]
[Date "2012.09.30"]
[Round "4"]
[White "Andersen, Jackie"]
[Black "Dyrgaard, Kristoffer"]
[Result "1-0"]
[WhiteElo "2333"]
[BlackElo "2201"]
[PlyCount "61"]
[EventDate "2012.09.30"]
[EventType "swiss (rapid)"]
[EventRounds "7"]
[EventCountry "DEN"]
[SourceTitle "EXT 2018"]
[Source "ChessBase"]
[SourceDate "2017.10.13"]
[SourceVersion "1"]
[SourceVersionDate "2017.10.13"]
[SourceQuality "1"]

1. d4 Nf6 2. Nf3 g6 3. c4 Bg7 4. Nc3 d5 5. Bf4 0-0 6. e3 dxc4 7. Bxc4 c5 8. dxc5 Qa5 9. Nd2 Qxc5 10. Rc1 Bg4 11. f3 Bf5 12. Nb5 Qb6 13. Nc7 Nc6 14. Nxa8 Rxa8 15. Qb3 Qxb3 16. Nxb3 e5 17. Bg5 e4 18. Nc5 exf3 19. gxf3 Ne5 20. Be2 b6 21. Nb3 h6 22. Bh4 Bh3 23. Kf2 g5 24. Bg3 Nd5 25. Rhd1 Be6 26. Nd4 Nd7 27. Nxe6 fxe6 28. e4 N5f6 29. Rc7 Nc5 30. b4 Na6 31. Bxa6 1-0

[Event "DEN-ch rapid"]
[Site "Middelfart"]
[Date "2012.09.30"]
[Round "5"]
[White "Andersen, Jackie"]
[Black "Kristensen, Kaare Hove"]
[Result "0-1"]
[WhiteElo "2333"]
[BlackElo "2339"]
[PlyCount "114"]
[EventDate "2012.09.30"]
[EventType "swiss (rapid)"]
[EventRounds "7"]
[EventCountry "DEN"]
[SourceTitle "EXT 2018"]
[Source "ChessBase"]
[SourceDate "2017.10.13"]
[SourceVersion "1"]
[SourceVersionDate "2017.10.13"]
[SourceQuality "1"]

1. d4 d5 2. Nf3 c5 3. c3 cxd4 4. cxd4 Nc6 5. Nc3 Nf6 6. a3 Bf5 7. Bf4 a6 8. e3 e6 9. Qb3 Ra7 10. Ne5 Nxe5 11. Bxe5 Nd7 12. Bg3 Be7 13. Be2 0-0 14. 0-0 b5 15. Rfc1 Nb6 16. a4 b4 17. Na2 a5 18. Bb5 Nc4 19. f3 Nd6 20. Bf1 Rc7 21. Rxc7 Qxc7 22. Rc1 Qb7 23. Rc5 Qb6 24. Qd1 Nc4 25. Bxc4 Bxc5 26. dxc5 Qxc5 27. Bf1 Qxe3+ 28. Bf2 Qe5 29. Bd4 Qc7 30. Qc1 Qxc1 31. Nxc1 Rc8 32. Nb3 Bc2 33. Nxa5 Bxa4 34. f4 f6 35. Nb7 Bc6 36. Nc5 Kf7 37. Na6 b3 38. Nc5 Rb8 39. g3 Ke7 40. Be2 Kd6 41. Bd1 e5 42. fxe5+ fxe5 43. Bf2 d4 44. Nd3 Be4 45. Nc1 Bc2 46. Be2 Kd5 47. g4 e4 48. g5 d3 49. Kf1 dxe2+ 50. Kxe2 Kc4 51. Ke3 Bd3 52. Bg3 Rf8 53. Be5 Rf1 54. Nxd3 exd3 55. Bxg7 Rh1 56. Be5 Re1+ 57. Kf4 d2 0-1

[Event "DEN-ch rapid"]
[Site "Middelfart"]
[Date "2012.09.30"]
[Round "7"]
[White "Andersen, Jackie"]
[Black "Pedersen, Steffen"]
[Result "1-0"]
[WhiteElo "2333"]
[BlackElo "2415"]
[PlyCount "45"]
[EventDate "2012.09.30"]
[EventType "swiss (rapid)"]
[EventRounds "7"]
[EventCountry "DEN"]
[SourceTitle "EXT 2018"]
[Source "ChessBase"]
[SourceDate "2017.10.13"]
[SourceVersion "1"]
[SourceVersionDate "2017.10.13"]
[SourceQuality "1"]

1. d4 d5 2. Nf3 Nf6 3. Bf4 g6 4. h3 Bg7 5. e3 0-0 6. Nbd2 b6 7. b4 Bb7 8. a3 Nbd7 9. c4 Ne4 10. Rc1 Nxd2 11. Qxd2 dxc4 12. Bxc4 Bxf3 13. Bxc7 Qe8 14. gxf3 e5 15. d5 Qe7 16. d6 Qf6 17. Ke2 Rad8 18. Rhd1 e4 19. fxe4 Ne5 20. f4 Nxc4 21. Rxc4 Qe6 22. Qd5 Qxh3 23. Ra1 1-0

[Event "Aarhus Chess House"]
[Site "Aarhus"]
[Date "2012.07.11"]
[Round "5"]
[White "Skytte, Rasmus"]
[Black "Andersen, Jackie"]
[Result "1/2-1/2"]
[WhiteElo "2401"]
[BlackElo "2328"]
[PlyCount "47"]
[EventDate "2012.07.07"]
[EventType "tourn"]
[EventRounds "9"]
[EventCountry "DEN"]
[EventCategory "4"]
[SourceTitle "CBM 149 Extra"]
[Source "ChessBase"]
[SourceDate "2012.08.24"]
[SourceVersion "1"]
[SourceVersionDate "2012.08.24"]
[SourceQuality "1"]

1. e4 g6 2. d4 Bg7 3. Nc3 d6 4. Be3 Nd7 5. Nf3 Ngf6 6. h3 e5 7. dxe5 dxe5 8. Bc4 0-0 9. Qd2 c6 10. Rd1 Qe7 11. Qd6 Qxd6 12. Rxd6 Re8 13. Ng5 Re7 14. 0-0 h6 15. Nf3 Bf8 16. Nh4 Re8 17. Rdd1 b5 18. Bb3 Kg7 19. f4 b4 20. Na4 Ba6 21. fxe5 Nxe5 22. Rfe1 Bb5 23. Nf3 Nfd7 24. Bd4 1/2-1/2